Basic electronics / (Record no. 39571)
[ view plain ]
| 000 -LEADER | |
|---|---|
| fixed length control field | 00961nam a22002535a 4500 |
| 005 - DATE AND TIME OF LATEST TRANSACTION | |
| control field | 20080910054018.0 |
| 008 - FIXED-LENGTH DATA ELEMENTS--GENERAL INFORMATION | |
| fixed length control field | 080806s2008 ii a b 000 0 eng |
| 010 ## - LCCN (DPL NO) | |
| LC control number | ENG-98458 |
| 020 ## - INTERNATIONAL STANDARD BOOK NUMBER | |
| International Standard Book Number | 9380528124 |
| Terms of availability | 50.00 |
| 020 ## - INTERNATIONAL STANDARD BOOK NUMBER | |
| International Standard Book Number | 9789380528120 |
| Terms of availability | 50.00 |
| 035 ## - SYSTEM CONTROL NUMBER | |
| System control number | EN-81991 |
| 037 ## - SOURCE OF ACQUISITION | |
| Source of stock number/acquisition | DBAD / PUB |
| 040 ## - CATALOGING SOURCE | |
| Original cataloging agency | dpl |
| Language of cataloging | English |
| 082 ## - DEWEY DECIMAL CLASSIFICATION NUMBER | |
| Classification number | 621.381 |
| 100 ## - MAIN ENTRY--PERSONAL NAME | |
| Personal name | Nandhagopal, N. |
| 9 (RLIN) | 7173 |
| 245 ## - TITLE STATEMENT | |
| Title | Basic electronics / |
| Statement of responsibility, etc | by N. Nandhagopol |
| 260 ## - PUBLICATION, DISTRIBUTION, ETC. (IMPRINT) | |
| Place of publication, distribution, etc | Salem |
| Name of publisher, distributor, etc | MSK Publications |
| Date of publication, distribution, etc | 2009 |
| 270 ## - ADDRESS | |
| Address | 2/189-E, Athanoor Amman kovil Street, Masinagan Patti-Post, Ayyothiya Pattinam, |
| City | Saiem |
| Postal code | 636103 |
| 300 ## - PHYSICAL DESCRIPTION | |
| Extent | 96p. |
| Dimensions | 23cm (pbk) |
| 520 ## - SUMMARY, ETC. | |
| Summary, etc | On the activities of M.V. Foundation in fostering education for the children. |
| 650 ## - SUBJECT ADDED ENTRY--TOPICAL TERM | |
| Topical term or geographic name as entry element | Electronics |
| 9 (RLIN) | 7176 |
| 942 ## - ADDED ENTRY ELEMENTS (KOHA) | |
| Source of classification or shelving scheme | Dewey Decimal Classification |
| Item type | English Books |
| Call number suffix | NAN |
| Classification part | 621.381 |
| Withdrawn status | Lost status | Source of classification or shelving scheme | Damaged status | Not for loan | Collection code | Home library | Current library | Date acquired | Source of acquisition | Cost, normal purchase price | Total Checkouts | Full call number | Barcode | Date last seen | Copy number | Cost, replacement price | Koha item type |
|---|---|---|---|---|---|---|---|---|---|---|---|---|---|---|---|---|---|
| Dewey Decimal Classification | Not For Loan | Non-fiction | D.B.Act.Division | D.B.Act.Division | 05/08/2010 | DBAD/PUB | 50.00 | 621.381 NAN | EN-81991 | 05/08/2010 | 1 | 50.00 | English Books |
